<?xml version="1.0" encoding="UTF-8"?>
<record
    xmlns:xsi="http://www.w3.org/2001/XMLSchema-instance"
    xsi:schemaLocation="http://www.loc.gov/MARC21/slim http://www.loc.gov/standards/marcxml/schema/MARC21slim.xsd"
    xmlns="http://www.loc.gov/MARC21/slim">

  <leader>01704nam a2200145   4500</leader>
  <controlfield tag="008">701.18 D288a</controlfield>
  <datafield tag="020" ind1=" " ind2=" ">
    <subfield code="a">9786079653323</subfield>
  </datafield>
  <datafield tag="082" ind1=" " ind2=" ">
    <subfield code="a">701.18</subfield>
    <subfield code="b">D288a</subfield>
  </datafield>
  <datafield tag="100" ind1=" " ind2=" ">
    <subfield code="a">Debroise, Olivier</subfield>
    <subfield code="9">6894</subfield>
  </datafield>
  <datafield tag="245" ind1=" " ind2=" ">
    <subfield code="a">El arte de mostrar el arte mexicano:</subfield>
    <subfield code="b">Ensayos sobre los usos y desusos del exotismo en tiempos de globalizaci&#xF3;n (1992-2007)</subfield>
  </datafield>
  <datafield tag="260" ind1=" " ind2=" ">
    <subfield code="a">M&#xE9;xico</subfield>
    <subfield code="b">Promotora Cultural Cubo Blanco</subfield>
    <subfield code="c">2018</subfield>
  </datafield>
  <datafield tag="300" ind1=" " ind2=" ">
    <subfield code="a">231 p. </subfield>
    <subfield code="b">ill (col)</subfield>
    <subfield code="c">23 x 17 cm</subfield>
  </datafield>
  <datafield tag="505" ind1=" " ind2=" ">
    <subfield code="t">Pr&#xF3;logo</subfield>
    <subfield code="r">Cuauht&#xE9;moc Medina</subfield>
    <subfield code="t">Llamada </subfield>
    <subfield code="t">El arte de mostrar el arte mexicano  </subfield>
    <subfield code="t">Forjando Patria </subfield>
    <subfield code="t">Outline of Mexican Art </subfield>
    <subfield code="t">De independientes a sindicalizados </subfield>
    <subfield code="t">Idolos tras los altares </subfield>
    <subfield code="t">Mexican Arts Association, Inc. </subfield>
    <subfield code="t">Finalmente, el Metropolitan </subfield>
    <subfield code="t">Esplendores del arte mexicano </subfield>
    <subfield code="t">El mandar&#xED;n </subfield>
    <subfield code="t">Mito y magia en Monterrey </subfield>
    <subfield code="t">Perfil del curador independiente de arte contempor&#xE1;neo en un pa&#xED;s del sur que se encuentra al norte (y viceversa) </subfield>
    <subfield code="t">So&#xF1;ando en la pir&#xE1;mide </subfield>
    <subfield code="t">De lo moderno a lo internacional: los retos del arte mexicano </subfield>
    <subfield code="t">Rufino Tamayo en el filo de la navaja </subfield>
    <subfield code="t">El Museo Rufino Tamayo Arte Contempor&#xE1;neo Internacional </subfield>
    <subfield code="t">Los a&#xF1;os noventa: a&#xF1;os de sincronizaci&#xF3;n </subfield>
    <subfield code="t">Detr&#xE1;s de la puerta azul </subfield>
    <subfield code="t">(This is not supossed to be here) </subfield>
    <subfield code="t">Primer planteamiento. M&#xE9;xico: un arte en tensi&#xF3;n</subfield>
    <subfield code="t">Mil novecientos ochenta y cuatro </subfield>
    <subfield code="t">Primer dispositivo: despu&#xE9;s del glamour </subfield>
    <subfield code="t">Segundo dispositivo: la inversi&#xF3;n directa </subfield>
    <subfield code="t">Tercer dispositivo: Delirious Koolhaas </subfield>
    <subfield code="t">Cuarto dispositivo: la bienalizaci&#xF3;n</subfield>
    <subfield code="t">Intermedio: el informe Quemin </subfield>
    <subfield code="t">Quinto dispositivo: el momento curatorial </subfield>
    <subfield code="t">M&#xE9;xico: un estudio de caso </subfield>
    <subfield code="t">Fin de temporada: saldos </subfield>
    <subfield code="t">Posfacio </subfield>
    <subfield code="t">Ilustraciones </subfield>
  </datafield>
  <datafield tag="650" ind1=" " ind2=" ">
    <subfield code="x">arte contempor&#xE1;neo </subfield>
    <subfield code="x">M&#xE9;xico </subfield>
    <subfield code="x">arte - cr&#xED;tica e interpretaci&#xF3;n </subfield>
    <subfield code="x">arte - ensayo </subfield>
    <subfield code="9">6895</subfield>
  </datafield>
  <datafield tag="999" ind1=" " ind2=" ">
    <subfield code="c">1722</subfield>
    <subfield code="d">1722</subfield>
  </datafield>
  <datafield tag="952" ind1=" " ind2=" ">
    <subfield code="0">0</subfield>
    <subfield code="1">0</subfield>
    <subfield code="2">ddc</subfield>
    <subfield code="4">0</subfield>
    <subfield code="7">0</subfield>
    <subfield code="a">LV</subfield>
    <subfield code="b">LV</subfield>
    <subfield code="c">Literatura</subfield>
    <subfield code="d">2019-02-16</subfield>
    <subfield code="l">0</subfield>
    <subfield code="o">701.18 D288a</subfield>
    <subfield code="p">004689</subfield>
    <subfield code="r">2019-02-16 00:00:00</subfield>
    <subfield code="w">2019-02-16</subfield>
    <subfield code="y">01</subfield>
  </datafield>
</record>
